Most popular MLB jerseys in 2025 - Statistics

General Stats
  • This quiz has been taken 317 times
  • The average score is 18 of 20
Answer Stats
Rank Team Jersey # Answer % Correct
1 Dodgers #17 Shohei Ohtani
100%
2 Yankees #99 Aaron Judge
99%
4 Dodgers #50 Mookie Betts
97%
8 Phillies #3 Bryce Harper
96%
3 Dodgers #5 Freddie Freeman
95%
10 Padres #23 Fernando Tatis Jr
93%
11 Braves #13 Ronald Acuna Jr
93%
9 Astros #27 Jose Altuve
92%
6 Mets #22 Juan Soto
91%
5 Mets #12 Francisco Lindor
90%
18 Pirates #30 Paul Skenes
89%
15 Blue Jays #27 Vladimir Guerrero Jr
88%
14 Reds #44 Elly De La Cruz
86%
7 Red Sox/Giants #11/16 Rafael Devers
86%
19 Padres #13 Manny Machado
83%
17 Mets #20 Pete Alonso
82%
20 Mariners #29 Cal Raleigh
81%
16 Cubs #4 Pete Crow-Armstrong
78%
12 Dodgers #22 Clayton Kershaw
73%
13 Red Sox #16 Jarren Duran
68%
No matching quizzes found
Score Distribution
Percent of People with Each Score
Percentile by Number Answered
Your Score History
You have not taken this quiz